[Event "Dortmund Sparkassen op-C 47th"]
[Site "Dortmund"]
[Date "2019.07.17"]
[Round "5"]
[White "Schulz, Dennis"]
[Black "Schiemann, Hauke"]
[Result "1-0"]
[WhiteElo "1427"]
[BlackElo "1395"]
[PlyCount "59"]
[EventDate "2019.07.13"]
[EventType "swiss"]
[EventRounds "9"]
[EventCountry "GER"]
[SourceTitle "CBM 192 Extra"]
[Source "Chessbase"]
[SourceDate "2019.11.06"]
[SourceVersion "1"]
[SourceVersionDate "2019.11.06"]
[SourceQuality "1"]

1. e4 c5 2. Nf3 e6 3. b3 d5 4. exd5 exd5 5. d4 Nc6 6. Bb2 cxd4 7. Nxd4 Nf6 8. Bb5 Bd7 9. 0-0 Bc5 10. Re1+ Ne7 11. Bxd7+ Qxd7 12. Nf3 Ng4 13. Bd4 Bxd4 14. Qxd4 0-0 15. Rxe7 Qxe7 16. Qxg4 d4 17. Nbd2 Rfd8 18. Re1 Qb4 19. Ne4 Kf8 20. Neg5 h6 21. Nh7+ Kg8 22. Nf6+ Kf8 23. Nh5 g6 24. Qf4 gxh5 25. Qxh6+ Kg8 26. Qg5+ Kf8 27. Qf6 Kg8 28. Re5 d3 29. Qg5+ Kf8 30. Qh6+ 1-0

[Event "Dortmund Sparkassen op-C 47th"]
[Site "Dortmund"]
[Date "2019.07.16"]
[Round "4"]
[White "Schiemann, Hauke"]
[Black "Nathe, Nico"]
[Result "1-0"]
[WhiteElo "1395"]
[BlackElo "1367"]
[PlyCount "43"]
[EventDate "2019.07.13"]
[EventType "swiss"]
[EventRounds "9"]
[EventCountry "GER"]
[SourceTitle "CBM 192 Extra"]
[Source "Chessbase"]
[SourceDate "2019.11.06"]
[SourceVersion "1"]
[SourceVersionDate "2019.11.06"]
[SourceQuality "1"]

1. e4 c5 2. Nc3 Nc6 3. Bb5 d6 4. Bxc6+ bxc6 5. f4 g6 6. d4 Qa5 7. e5 cxd4 8. Qxd4 Bg7 9. Nf3 Bg4 10. 0-0 Bxf3 11. Rxf3 dxe5 12. Qc4 Qc7 13. fxe5 e6 14. Nb5 Qb6+ 15. Nd4 Bxe5 16. Qxc6+ Qxc6 17. Nxc6 Bg7 18. c3 Ne7 19. Nxe7 Kxe7 20. Be3 a6 21. Raf1 Rhf8 22. Bc5+ 1-0